000 00675nam a22001937a 4500
003 SEM
999 _c68141
_d68141
005 20220608074053.0
008 180713b ||||| |||| 00| 0 rus d
040 _aSEM
_cSEM
041 0 _arus.
080 _a803.0-3=82/Н-50
245 0 4 _aНемецко-русский словарь 20000 слов. /
_cРед.: И. Рахманова
250 _a22-ое издание,
_bстереотипное
260 _aМосква:
_b«Советская энциклопедия»,
_c1971.
300 _a559 с.;
_c17 см
650 _aСловарь
_xНемецкий
_xРусский
700 1 _aРахманова И.
_e edt.
_4ред.
942 _2udc
_cBK